MARC details
| 000 -LEADER |
| fixed length control field |
03297nam a2200565 i 4500 |
| 001 - CONTROL NUMBER |
| control field |
3256485 |
| 005 - DATE AND TIME OF LATEST TRANSACTION |
| control field |
20230302151009.0 |
| 008 - FIXED-LENGTH DATA ELEMENTS--GENERAL INFORMATION |
| fixed length control field |
210920s2022 nyua c 001 0ceng |
| 010 ## - LIBRARY OF CONGRESS CONTROL NUMBER |
| LC control number |
2021045996 |
| 020 ## - INTERNATIONAL STANDARD BOOK NUMBER |
| International Standard Book Number |
9781684492008 |
| Qualifying information |
(hardcover) : |
| Terms of availability |
$19.99 |
| 020 ## - INTERNATIONAL STANDARD BOOK NUMBER |
| International Standard Book Number |
1684492009 : |
| Terms of availability |
$19.99 |
| 035 ## - SYSTEM CONTROL NUMBER |
| System control number |
(OCoLC)1268545619 |
| 035 ## - SYSTEM CONTROL NUMBER |
| System control number |
(OCoLC)on1268545619 |
| 035 ## - SYSTEM CONTROL NUMBER |
| System control number |
3222303 |
| 040 ## - CATALOGING SOURCE |
| Original cataloging agency |
DLC |
| Language of cataloging |
eng |
| Description conventions |
rda |
| Transcribing agency |
DLC |
| 042 ## - AUTHENTICATION CODE |
| Authentication code |
pcc |
| 050 00 - LIBRARY OF CONGRESS CALL NUMBER |
| Classification number |
HQ759.96 |
| Item number |
.N45 2022 |
| 082 00 - DEWEY DECIMAL CLASSIFICATION NUMBER |
| Classification number |
306.875/4 |
| -- |
B |
| Edition number |
23 |
| 082 04 - DEWEY DECIMAL CLASSIFICATION NUMBER |
| Classification number |
920.9/3068754 |
| 092 ## - LOCALLY ASSIGNED DEWEY CALL NUMBER (OCLC) |
| Classification number |
junior nonfiction |
| Item number |
920 Meikle |
| 100 1# - MAIN ENTRY--PERSONAL NAME |
| Personal name |
Meikle, Olivia, |
| Relator term |
author. |
| 9 (RLIN) |
6463333 |
| 245 14 - TITLE STATEMENT |
| Title |
The book of sisters : |
| Remainder of title |
biographies of incredible siblings through history / |
| Statement of responsibility, etc |
authors, Katie Nelson and Olivia Meikle. |
| 264 #1 - Production, Publication, Distribution, Manufacture, and Copyright Notice. |
| Place of production, publication, distribution, manufacture |
[New York] : |
| Name of producer, publisher, distributor, manufacturer |
Neon Squid, |
| Date of production, publication, distribution, manufacture, or copyr |
2022. |
| 300 ## - PHYSICAL DESCRIPTION |
| Extent |
128 pages : |
| Other physical details |
color illustrations ; |
| Dimensions |
29 cm |
| 336 ## - Content Type |
| Content type term |
text |
| 337 ## - Media type |
| Media type term |
unmediated |
| 338 ## - Carrier type |
| Carrier type term |
volume |
| 500 ## - GENERAL NOTE |
| General note |
Includes index. |
| 520 ## - SUMMARY, ETC. |
| Summary, etc |
"Queens. Warriors. Witches. Revolutionaries. History is full of sisters making their mark. Meet incredible women in this nonfiction book for kids, from Queen Elizabeth II and Princess Margaret to tennis superstars Venus and Serena Williams. Authors (and sisters!) Olivia Meikle and Katie Nelson have scoured history for jaw-dropping stories of amazing siblings, including: Why Egyptian ruler Cleopatra went to war against her younger sister Arsinoë How Native American sisters Maria and Marjorie Tallchief became America's first star ballerinas What made samurai sisters Nakano Takeko and Nakano Yuko take on an entire army Through the stories of the sisters, readers will go on a whirlwind tour of women's history, from the courts of Imperial China to the French Revolution. And you'll discover that stories about sisters aren't anything new-they can be traced back to ancient tales, from Greek goddesses to Maya mythology"-- |
| 521 1# - TARGET AUDIENCE NOTE |
| Target audience note |
8-12 |
| Source |
Brodart. |
| 521 2# - TARGET AUDIENCE NOTE |
| Target audience note |
3-7 |
| Source |
Brodart. |
| 650 #0 - SUBJECT ADDED ENTRY--TOPICAL TERM |
| Topical term or geographic name as entry element |
Sisters |
| Form subdivision |
Biography |
| -- |
Juvenile literature. |
| 9 (RLIN) |
6463334 |
| 650 #0 - SUBJECT ADDED ENTRY--TOPICAL TERM |
| Topical term or geographic name as entry element |
Women |
| Form subdivision |
Biography |
| -- |
Juvenile literature. |
| 9 (RLIN) |
5702075 |
| 650 #0 - SUBJECT ADDED ENTRY--TOPICAL TERM |
| Topical term or geographic name as entry element |
Families |
| Form subdivision |
Biography |
| -- |
Juvenile literature. |
| 9 (RLIN) |
6463335 |
| 650 #1 - SUBJECT ADDED ENTRY--TOPICAL TERM |
| Topical term or geographic name as entry element |
Sisters. |
| 650 #1 - SUBJECT ADDED ENTRY--TOPICAL TERM |
| Topical term or geographic name as entry element |
Women. |
| 650 #1 - SUBJECT ADDED ENTRY--TOPICAL TERM |
| Topical term or geographic name as entry element |
Families. |
| 650 #7 - SUBJECT ADDED ENTRY--TOPICAL TERM |
| Topical term or geographic name as entry element |
JUVENILE NONFICTION / Biography & Autobiography / Women. |
| Source of heading or term |
bisacsh |
| 9 (RLIN) |
5731983 |
| 650 #7 - SUBJECT ADDED ENTRY--TOPICAL TERM |
| Topical term or geographic name as entry element |
JUVENILE NONFICTION / Biography & Autobiography / Historical. |
| Source of heading or term |
bisacsh |
| 9 (RLIN) |
5731880 |
| 650 #7 - SUBJECT ADDED ENTRY--TOPICAL TERM |
| Topical term or geographic name as entry element |
JUVENILE NONFICTION / Family / Siblings. |
| Source of heading or term |
bisacsh |
| 9 (RLIN) |
6460589 |
| 650 #7 - SUBJECT ADDED ENTRY--TOPICAL TERM |
| Topical term or geographic name as entry element |
JUVENILE NONFICTION / Girls & Women. |
| Source of heading or term |
bisacsh |
| 9 (RLIN) |
5704592 |
| 700 1# - ADDED ENTRY--PERSONAL NAME |
| Personal name |
Nelson, Katie |
| Relator term |
author. |
| 9 (RLIN) |
6463339 |
| 942 ## - ADDED ENTRY ELEMENTS (KOHA) |
| Source of classification or shelving scheme |
Dewey Decimal Classification |
| Koha item type |
BOOK |